000 00905nam a2200253 i 4500
001 175369
003 ES-MaACL
005 20251218174601.0
007 t|
008 101025s1972 sp o r ||||1| spa d
080 _a75 Martínez Novillo, Cirilo
080 _a929 Martínez Novillo, Cirilo
100 1 _aJiménez, Diego Jesús.
_966400
245 1 0 _aMartínez Novillo /
_cDiego Jesús Jiménez.
260 _a[Madrid :
_bDirección General de Bellas Artes,
_c1972]
300 _a113 p. :
_bfot. col. y n. ;
_c17 cm.
490 1 _aArtistas españoles contemporáneos. Pintores ;
_v36
504 _aBibliografía: p. 109-111.
600 0 4 _aMartínez Novillo, Cirilo.
_9143728
710 1 _aEspaña.
_bDirección General de Bellas Artes.
_93704
830 0 _aArtistas españoles contemporáneos. Pintores
_v36
_9189664
852 _aES-MaACL
_j2261-F-36
_xOlim P-1916
999 _c175369
_d175369